[Event "GER-chT Federal Cup (Women)"]
[Site "Braunfels"]
[Date "2024.05.31"]
[Round "2.5"]
[White "Geletzke, Hannah"]
[Black "Sural, Ceren"]
[Result "1-0"]
[WhiteElo "1753"]
[BlackElo "1793"]
[PlyCount "75"]
[EventDate "2024.05.30"]
[EventType "team-swiss"]
[EventRounds "5"]
[EventCountry "GER"]
[SourceTitle "CBM 220 Extra"]
[Source "ChessBase"]
[SourceDate "2024.07.31"]
[SourceVersion "1"]
[SourceVersionDate "2024.07.31"]
[SourceQuality "1"]
[WhiteTeam "Thueringen (W)"]
[BlackTeam "Hamburg (W)"]
[WhiteTeamCountry "GER"]
[BlackTeamCountry "GER"]

1. e4 c5 2. Nf3 d6 3. c3 Nf6 4. Bd3 Nc6 5. h3 e6 6. Bc2 Qc7 7. 0-0 Be7 8. d4 cxd4 9. cxd4 Bd7 10. Nc3 Nb4 11. Bb1 e5 12. a3 Na6 13. Ba2 0-0 14. Ng5 h6 15. Nf3 Rad8 16. Re1 Qb8 17. Nh4 Kh8 18. Nf5 Bxf5 19. exf5 Ng8 20. Qh5 Nf6 21. Qd1 Ng8 22. Be3 exd4 23. Bxd4 Bf6 24. Nd5 Nc7 25. Nxf6 gxf6 26. Qh5 Ne8 27. Bxf7 Ng7 28. Qg6 Qc7 29. Bxg8 Kxg8 30. Bxf6 Rd7 31. Rac1 Qb6 32. Re7 Rxe7 33. Bxe7 Qxb2 34. Qxh6 Re8 35. Bf6 Qxc1+ 36. Qxc1 Kf7 37. Bxg7 Kxg7 38. Qc7+ 1-0

[Event "GER-ch Amateurs"]
[Site "Bad Wildungen"]
[Date "2024.??.??"]
[Round "4"]
[White "Will, Jonas"]
[Black "Sural, Ceren"]
[Result "1-0"]
[WhiteElo "1868"]
[BlackElo "1772"]
[PlyCount "117"]
[EventDate "2024.08.03"]
[EventType "swiss"]
[EventRounds "5"]
[EventCountry "GER"]
[SourceTitle "CBM 221 Extra"]
[Source "ChessBase"]
[SourceDate "2024.09.30"]
[SourceVersion "1"]
[SourceVersionDate "2024.09.30"]
[SourceQuality "1"]

1. e4 c5 2. Nf3 d6 3. d4 cxd4 4. Nxd4 Nf6 5. f3 a6 6. c4 e6 7. Nc3 Be7 8. Be2 Qc7 9. Be3 Nc6 10. Rc1 Nd7 11. 0-0 0-0 12. f4 Nc5 13. Qe1 Bf6 14. Qf2 Bd7 15. Rfd1 Rad8 16. Bf3 b6 17. Nxc6 Bxc6 18. b4 Nd7 19. Nd5 Qb7 20. Nxb6 Bxe4 21. Rxd6 Nxb6 22. Rxb6 Qa8 23. Bxe4 Qxe4 24. Rxa6 Rd3 25. Bc5 Rfd8 26. h3 h6 27. Re1 Rd1 28. Rxd1 Rxd1+ 29. Kh2 Qb1 30. Rd6 Rf1 31. Qd2 Bh4 32. Rd8+ Bxd8 33. Qxd8+ Kh7 34. Qd2 h5 35. Bf2 Rh1+ 36. Kg3 Qe4 37. Qe3 h4+ 38. Kxh4 Qxg2 39. Qd3+ f5 40. Qg3 g5+ 41. Kxg5 Qxg3+ 42. Bxg3 Rg1 43. Kh4 Ra1 44. Bf2 Rxa2 45. Bd4 Rc2 46. c5 Rc4 47. Be5 Kg6 48. Kg3 Rxb4 49. c6 Rc4 50. c7 Kf7 51. Kf3 Ke7 52. h4 Kd7 53. h5 Rc1 54. Kg2 Rc2+ 55. Kg3 Rc1 56. Kh4 Rg1 57. h6 Rc1 58. Kg5 Ke7 59. h7 1-0

[Event "TUR-chT2"]
[Site "Konya"]
[Date "2016.07.20"]
[Round "6.6"]
[White "Celik, Akarsu Bengi"]
[Black "Sural, Ceren"]
[Result "1/2-1/2"]
[WhiteElo "1486"]
[BlackElo "1488"]
[PlyCount "66"]
[EventDate "2016.07.17"]
[EventType "team-swiss"]
[EventRounds "9"]
[EventCountry "TUR"]
[SourceTitle "CBM 173 Extra"]
[Source "ChessBase"]
[SourceDate "2016.08.29"]
[SourceVersion "1"]
[SourceVersionDate "2016.08.29"]
[SourceQuality "1"]
[WhiteTeam "Izmir Karsiyaka"]
[BlackTeam "Karaman Saglik"]
[WhiteTeamCountry "TUR"]
[BlackTeamCountry "TUR"]

1. e4 e6 2. d4 d5 3. e5 c5 4. c3 Nc6 5. Nf3 Bd7 6. Bd3 Rc8 7. a3 c4 8. Bc2 f5 9. Nbd2 Nh6 10. Nf1 Nf7 11. h4 Be7 12. g3 b5 13. Bd2 Qb6 14. Qc1 Qd8 15. Ne3 a5 16. Ng2 b4 17. axb4 axb4 18. Ng5 Nxg5 19. Bxg5 Bxg5 20. Qxg5 Qxg5 21. hxg5 b3 22. Bd1 0-0 23. Be2 Ra8 24. Kd2 Rfb8 25. f4 Ne7 26. Ne3 Ra2 27. Rab1 Nc8 28. Bf3 Nb6 29. Kc1 Kh8 30. Bh5 Kg8 31. Bf3 Na4 32. Nd1 Ra8 33. Rh2 Rb8 1/2-1/2

[Event "TUR-chT2"]
[Site "Konya"]
[Date "2016.07.19"]
[Round "4.7"]
[White "Onur, Cigdem"]
[Black "Sural, Ceren"]
[Result "1-0"]
[WhiteElo "1791"]
[BlackElo "1488"]
[PlyCount "115"]
[EventDate "2016.07.17"]
[EventType "team-swiss"]
[EventRounds "9"]
[EventCountry "TUR"]
[SourceTitle "CBM 173 Extra"]
[Source "ChessBase"]
[SourceDate "2016.08.29"]
[SourceVersion "1"]
[SourceVersionDate "2016.08.29"]
[SourceQuality "1"]
[WhiteTeam "Ankara Dernegi"]
[BlackTeam "Karaman Saglik"]
[WhiteTeamCountry "TUR"]
[BlackTeamCountry "TUR"]

1. e4 e6 2. d4 d5 3. e5 c5 4. c3 Nc6 5. Nf3 Bd7 6. a3 c4 7. g3 Na5 8. Nbd2 Qb6 9. Bg2 h6 10. 0-0 g5 11. Ne1 Ne7 12. Qh5 Ng6 13. Nc2 0-0-0 14. Ne3 Be7 15. Rb1 Ba4 16. f4 gxf4 17. gxf4 Rdf8 18. f5 exf5 19. Qxf5+ Bd7 20. Nxd5 Bxf5 21. Nxb6+ axb6 22. Rxf5 Nh4 23. Rf2 Rhg8 24. Nf3 Nxf3+ 25. Rxf3 Rg6 26. Bf4 Rfg8 27. Rg3 Rxg3 28. hxg3 Bg5 29. Kf2 Nb3 30. Rh1 Na5 31. Bxg5 hxg5 32. Rh6 Kc7 33. Rf6 Rg7 34. Bd5 b5 35. Rxf7+ Rxf7+ 36. Bxf7 Nc6 37. Kf3 Kb6 38. Kg4 Ka5 39. Bg6 Ne7 40. Be4 Kb6 41. Kxg5 Kc7 42. Kf6 Ng8+ 43. Kg7 Ne7 44. Kf7 Kd7 45. g4 Nc8 46. Bf5+ Kc7 47. Bxc8 Kxc8 48. e6 Kc7 49. e7 Kb6 50. e8Q Ka5 51. Ke6 Ka4 52. Qe7 Ka5 53. Qc5 b6 54. Qb4+ Ka6 55. Kd7 Kb7 56. Qxb5 Ka8 57. Kc7 Ka7 58. Qa4# 1-0

[Event "TUR-ch (Women)"]
[Site "Cesme"]
[Date "2016.03.10"]
[Round "6"]
[White "Sural, Ceren"]
[Black "Ince, Safiye Oyku"]
[Result "1-0"]
[WhiteElo "1538"]
[BlackElo "1626"]
[PlyCount "47"]
[EventDate "2016.03.07"]
[EventType "swiss"]
[EventRounds "9"]
[EventCountry "TUR"]
[SourceTitle "CBM 171 Extra"]
[Source "ChessBase"]
[SourceDate "2016.04.26"]
[SourceVersion "1"]
[SourceVersionDate "2016.04.26"]
[SourceQuality "1"]

1. e4 c5 2. Nf3 e6 3. d3 d5 4. Nbd2 Nc6 5. g3 Nf6 6. Bg2 Be7 7. 0-0 0-0 8. Re1 Qc7 9. e5 Nd7 10. Qe2 b5 11. Nf1 a5 12. Bf4 d4 13. h4 c4 14. a3 Ba6 15. h5 h6 16. N1h2 Nb6 17. Ng4 Nd5 18. Nxh6+ gxh6 19. Bxh6 Kh8 20. Bxf8 Rxf8 21. Qd2 Qd8 22. Qh6+ Kg8 23. Re4 f6 24. Rg4+ 1-0

[Event "Manavgat Turkey Cup"]
[Site "Manavgat"]
[Date "2016.02.05"]
[Round "10"]
[White "Sural, Ceren"]
[Black "Gencsoy, Sukru Gorkem"]
[Result "0-1"]
[WhiteElo "1407"]
[BlackElo "1569"]
[PlyCount "49"]
[EventDate "2016.01.30"]
[EventType "swiss"]
[EventRounds "11"]
[EventCountry "TUR"]
[SourceTitle "CBM 170 Extra"]
[Source "ChessBase"]
[SourceDate "2016.02.25"]
[SourceVersion "1"]
[SourceVersionDate "2016.02.25"]
[SourceQuality "1"]

1. e4 e5 2. Nf3 Nf6 3. Nxe5 d6 4. Nf3 Nxe4 5. d4 d5 6. Nbd2 Bd6 7. c3 0-0 8. Nxe4 Qe7 9. Be3 dxe4 10. Nd2 f5 11. Bc4+ Kh8 12. Nf1 b5 13. Bxb5 f4 14. Bd2 Qg5 15. Qe2 Qxg2 16. Ng3 fxg3 17. 0-0-0 gxf2 18. Rdf1 Qf3 19. Qxf3 Rxf3 20. Be2 Rf6 21. Be3 Bf4 22. Kd2 Bb7 23. Rxf2 Bxe3+ 24. Kxe3 Rxf2 25. Kxf2 0-1